The audit society: rituals of verification
| 1. VerfasserIn: | |
|---|---|
| Medienart: | Druck Buch |
| Sprache: | Englisch |
| Veröffentlicht: |
Oxford [u.a.]
Oxford University Press
1999
|
| In: | Jahr: 1999 |
| Ausgabe: | Repr. new as paperback |
| Online-Zugang: |
Contributor biographical information Inhaltsverzeichnis Publisher description Table of contents only |
| Bestand in Tübingen: | In Tübingen vorhanden. UB: KB 19 A 7570 |
| Verfügbarkeit prüfen: | HBZ Gateway |
| Subito Bestelldienst: | Jetzt bestellen. |
| Schlagwörter: |
MARC
| LEADER | 00000cam a2200000 c 4500 | ||
|---|---|---|---|
| 001 | 270151842 | ||
| 003 | DE-627 | ||
| 005 | 20251222212004.0 | ||
| 007 | tu | ||
| 008 | 990610s1999 xxk||||| 00| ||eng c | ||
| 010 | |a 99031580 | ||
| 020 | |a 9780198289470 |9 978-0-19-828947-0 | ||
| 020 | |a 9780198296034 |c : pbk. |9 978-0-19-829603-4 | ||
| 020 | |a 0198296037 |c pbk. |9 0-19-829603-7 | ||
| 020 | |a 0198289472 |9 0-19-828947-2 | ||
| 035 | |a (DE-627)270151842 | ||
| 035 | |a (DE-576)080801579 | ||
| 035 | |a (DE-599)GBV270151842 | ||
| 035 | |a (OCoLC)833567256 | ||
| 035 | |a (OCoLC)785825134 | ||
| 035 | |a (OCoLC)41431660 | ||
| 040 | |a DE-627 |b ger |c DE-627 |e rakwb | ||
| 041 | |a eng | ||
| 044 | |c XA-GB |c XD-US | ||
| 050 | 0 | |a HF5667 | |
| 050 | 0 | |a HF5667.P654 1999 | |
| 082 | 0 | |a 657.45 | |
| 082 | 0 | |a 657/.45 |q LOC |2 21 | |
| 084 | |a MF 9100 |2 rvk |0 (DE-625)rvk/122806: | ||
| 084 | |a QQ 530 |2 rvk |0 (DE-625)rvk/141978: | ||
| 084 | |a MS 5450 |2 rvk |0 (DE-625)rvk/123726: | ||
| 084 | |a 85.27 |2 bkl | ||
| 100 | 1 | |a Power, Michael |0 (DE-588)170928128 |0 (DE-627)061076864 |0 (DE-576)131765949 |4 aut | |
| 109 | |a Power, Michael | ||
| 245 | 1 | 4 | |a The audit society |b rituals of verification |c Michael Power |
| 250 | |a Repr. new as paperback | ||
| 264 | 1 | |a Oxford [u.a.] |b Oxford University Press |c 1999 | |
| 300 | |a XIX, 183 S |b graph. Darst | ||
| 336 | |a Text |b txt |2 rdacontent | ||
| 337 | |a ohne Hilfsmittel zu benutzen |b n |2 rdamedia | ||
| 338 | |a Band |b nc |2 rdacarrier | ||
| 500 | |a Includes bibliographical references and index | ||
| 500 | |a Hier auch später erschienene, unveränderte Nachdrucke | ||
| 650 | 0 | |a Auditing |x Social aspects | |
| 650 | 0 | |a Auditing | |
| 689 | 0 | 0 | |d s |0 (DE-588)4049674-0 |0 (DE-627)104509317 |0 (DE-576)209083034 |a Revision |g Wirtschaft |2 gnd |
| 689 | 0 | |5 (DE-627) | |
| 689 | 1 | 0 | |d s |0 (DE-588)4049674-0 |0 (DE-627)104509317 |0 (DE-576)209083034 |a Revision |g Wirtschaft |2 gnd |
| 689 | 1 | 1 | |d s |0 (DE-588)4037278-9 |0 (DE-627)104767707 |0 (DE-576)209023279 |a Management |2 gnd |
| 689 | 1 | 2 | |d s |0 (DE-588)4043774-7 |0 (DE-627)106208446 |0 (DE-576)209057408 |a Organisation |2 gnd |
| 689 | 1 | 3 | |d s |0 (DE-588)4062547-3 |0 (DE-627)106131427 |0 (DE-576)209144750 |a Verantwortung |2 gnd |
| 689 | 1 | |5 (DE-627) | |
| 856 | 4 | 2 | |u http://bvbr.bib-bvb.de:8991/F?func=service&doc_library=BVB01&doc_number=016152216&line_number=0001&func_code=DB_RECORDS&service_type=MEDIA |m V:DE-604 |q application/pdf |3 Inhaltsverzeichnis |7 1 |
| 856 | 4 | 2 | |u http://www.loc.gov/catdir/enhancements/fy0606/99031580-d.html |x Verlag |y Publisher description |7 1 |
| 856 | 4 | 2 | |u http://www.loc.gov/catdir/enhancements/fy0606/99031580-t.html |x Verlag |y Table of contents only |7 1 |
| 856 | 4 | 2 | |u http://www.loc.gov/catdir/enhancements/fy0723/99031580-b.html |x Verlag |y Contributor biographical information |7 1 |
| 889 | |w (DE-576)079081231 | ||
| 889 | |w (DE-627)1605059730 | ||
| 935 | |i Blocktest | ||
| 935 | |i mdedup | ||
| 936 | r | v | |a MF 9100 |b Finanz- und Wirtschaftspolitik |k Politologie |k Politische Systeme: einzelne Elemente |k Politische Sachgebiete |k Finanz- und Wirtschaftspolitik |0 (DE-627)1271432064 |0 (DE-625)rvk/122806: |0 (DE-576)201432064 |
| 936 | r | v | |a QQ 530 |b Allgemeine und Gesamtdarstellungen |k Wirtschaftswissenschaften |k Spezielle Betriebswirtschaftslehren |k Revisions- und Treuhandwesen |k Allgemeine und Gesamtdarstellungen |0 (DE-627)1271484773 |0 (DE-625)rvk/141978: |0 (DE-576)201484773 |
| 936 | r | v | |a MS 5450 |b (Psychologie des) Wirtschaftsverhaltens |k Soziologie |k Spezielle Soziologien |k Wirtschafts-, Industrie- und Techniksoziologie |k (Psychologie des) Wirtschaftsverhaltens |0 (DE-627)1271141760 |0 (DE-625)rvk/123726: |0 (DE-576)201141760 |
| 936 | b | k | |a 85.27 |j Betriebswirtschaftliche Steuerlehre |j Betriebliches Prüfungswesen |0 (DE-627)181570734 |
| 951 | |a BO | ||
| ELC | |b 1 | ||
| LOK | |0 000 xxxxxcx a22 zn 4500 | ||
| LOK | |0 001 3108337165 | ||
| LOK | |0 003 DE-627 | ||
| LOK | |0 004 270151842 | ||
| LOK | |0 005 20230210204528 | ||
| LOK | |0 008 990805||||||||||||||||ger||||||| | ||
| LOK | |0 040 |a DE-21 |c DE-627 |d DE-21 | ||
| LOK | |0 852 |a DE-21 | ||
| LOK | |0 852 1 |c KB 19 A 7570 |9 00 | ||
| LOK | |0 935 |a krim | ||
| LOK | |0 936ln |a k4.1 | ||
| LOK | |0 939 |a 05-08-99 |b l01 | ||
| ORI | |a SA-MARC-krimdoka001.raw | ||
| SIG | |a UB: KB 19 A 7570 | ||
